000 00995pam a2200337 a 4500
001 5575
003 FISKH
005 20241218142548.0
008 980624s1999 ctua a 000 1 eng
010 _a 98034284
020 _a0761320512 (lib. bdg.)
020 _a0761320768 (pbk.)
040 _aDLC
_cDLC
_dDLC
_beng
050 _aPZ8.S5874
082 _a658.4063
100 1 _aSimon, Charnan.
245 1 0 _aMud! /
_cby Charnan Simon ; photographs by Dorothy Handelman.
260 _aMinneapolis :
_bMillbrook Press,
_c1999.
300 _a31 pages :
_bcolor illustrations ;
_c23 cm
440 0 _aReal kids readers.
_nLevel 1
505 _aE
520 _aA boy and his friends enjoy playing in the mud.
521 _a210
_bLexile
521 _aE
_bRaz-Plus
650 1 _aMud
_xFiction.
650 1 _aStories in rhyme.
700 1 _aHandelman, Dorothy,
_eillustrator
906 _a7
_bcbc
_corignew
_d1
_eocip
_f19
_gy-gencatlg
942 _2ddc
_cBK
_n0
999 _c5575
_d5575